|
|
|
|
| LEADER |
00000nab a2200000 a 4500 |
| 001 |
vtls000644942 |
| 003 |
SK-MaSNL |
| 005 |
20260304095656.0 |
| 008 |
250425c1997 xo 0 slo |
| 015 |
|
|
|a SNBRB19rr/mm-uuuuu
|
| 035 |
|
|
|a CL0645081
|
| 035 |
|
|
|a urn:nbn:sk:snk-abepx3
|
| 035 |
|
|
|a (urnnbn)urn:nbn:sk:snk:ar-000auy
|
| 035 |
|
|
|a (uuid)9424e21a-dfe5-4508-b398-16554013ae87
|
| 040 |
|
|
|a SNKBUCL
|b slo
|c SNKBUCL
|e AACR2
|
| 041 |
0 |
|
|a slo
|
| 044 |
|
|
|a xo
|c SK
|
| 080 |
|
|
|a 784.4(497.1=854)
|2 1981
|
| 080 |
|
|
|a 398.8(497.1=854)
|2 1981
|
| 100 |
1 |
|
|a -šm-
|4 aut
|9 882066
|
| 245 |
1 |
0 |
|a Keď si ja zaspievam...
|c -ŠM-
|
| 650 |
0 |
7 |
|a Slováci v zahraničí
|2 snkbucl
|9 348626
|
| 650 |
0 |
7 |
|a ľudové piesne
|2 SNKPH
|9 1941
|
| 651 |
|
7 |
|a Kovačica (Srbsko)
|2 snkbucl
|9 22457
|
| 655 |
|
7 |
|a články z novín a časopisov
|2 snkbucl
|9 267496
|
| 700 |
1 |
|
|a Baláž, Pavel
|4 com
|9 306291
|
| 773 |
0 |
|
|t Slovenské pohľady
|g Roč. 4+113, č. 12 (1997), s. 111-113
|
| 787 |
0 |
8 |
|i Rec.:
|a Tomáš, Pavel
|t Keď si ja zaspievam...
|d Martin : Matica slovenská, 1997
|
| 850 |
|
|
|a Slovenská národná knižnica
|
| 852 |
|
|
|a Slovenská národná knižnica
|
| 958 |
|
|
|a article27
|
| 958 |
|
|
|a SK
|
| 958 |
|
|
|a YU
|
| 958 |
|
|
|a RK
|
| 958 |
|
|
|a OND
|
| 958 |
|
|
|a EUIPO
|
| 992 |
|
|
|a RBX
|
| 999 |
|
|
|c 2833875
|d 2835805
|